| 000 | 00443cam a2200169ua 4500 | ||
|---|---|---|---|
| 041 |
_aeng _h |
||
| 082 |
_a697.93 _bJOR/RE |
||
| 100 | _aJordan `, Richard C . | ||
| 245 |
_aRefrigeration and air conditioning / _cRichard C Jordan. _hTextual Documents |
||
| 250 |
_a2 / _b. |
||
| 260 |
_aLondon : _bConstable &Co Ltd, , _c1957. |
||
| 300 | _a555 ; . | ||
| 504 | _a | ||
| 700 | 1 | _aPriester , Gayle B . | |
| 942 | _cBK | ||
| 999 |
_c2702 _d2702 |
||